100 größte Städte in USA - Statistiken

Allgemein
  • Dieses Quiz wurde 7.868 mal gespielt
    7.865 seit der letzten Aktualisierung
  • Das Durchschnittsergebnis liegt bei 48 aus 100
Antwortstatistiken
Rang Einwohnerzahl (Bundes-)Staat Stadt ohne Vororte % Korrekt
1 8.175.133 New York New York City
99%
2 3.792.621 Kalifornien Los Angeles
98%
3 2.695.598 Illinois Chicago
94%
44 399.457 Florida Miami
93%
13 805.235 Kalifornien San Francisco
92%
4 2.099.451 Texas Houston
90%
24 601.723 District of Columbia Washington, D. C.
90%
9 1.197.816 Texas Dallas
89%
30 583.756 Nevada Las Vegas
88%
22 617.594 Massachusetts Boston
87%
5 1.526.006 Pennsylvania Philadelphia
85%
23 608.660 Washington Seattle
84%
6 1.445.632 Arizona Phoenix
83%
8 1.307.402 Kalifornien San Diego
83%
26 600.158 Colorado Denver
82%
18 713.777 Michigan Detroit
80%
40 420.003 Georgia Atlanta
78%
14 790.390 Texas Austin
78%
12 820.445 Indiana Indianapolis
77%
52 343.829 Louisiana New Orleans
73%
35 466.488 Kalifornien Sacramento
73%
7 1.327.407 Texas San Antonio
73%
37 459.787 Missouri Kansas City
72%
31 579.999 Oklahoma Oklahoma City
71%
29 583.776 Oregon Portland
71%
11 821.784 Florida Jacksonville
69%
25 601.222 Tennessee Nashville
67%
10 945.942 Kalifornien San José
67%
20 646.889 Tennessee Memphis
65%
79 238.300 Florida Orlando
65%
21 620.961 Maryland Baltimore
64%
48 382.578 Minnesota Minneapolis
63%
17 731.424 North Carolina Charlotte
62%
45 396.815 Ohio Cleveland
59%
15 787.033 Ohio Columbus
59%
55 335.709 Florida Tampa
59%
53 337.256 Hawaii Honolulu
58%
32 545.852 New Mexico Albuquerque
57%
28 594.833 Wisconsin Milwaukee
57%
19 649.121 Texas El Paso
56%
59 305.704 Pennsylvania Pittsburgh
55%
16 741.206 Texas Fort Worth
54%
58 319.294 Missouri St. Louis
52%
27 597.337 Kentucky Louisville
49%
33 520.116 Arizona Tucson
49%
70 261.310 New York Buffalo
47%
47 390.724 Kalifornien Oakland
47%
62 296.943 Ohio Cincinnati
46%
42 408.958 Nebraska Omaha
46%
43 403.892 North Carolina Raleigh
46%
41 416.427 Colorado Colorado Springs
44%
36 462.257 Kalifornien Long Beach
42%
46 391.906 Oklahoma Tulsa
41%
64 291.826 Alaska Anchorage
40%
67 285.068 Minnesota Saint Paul
39%
39 437.994 Virginia Virginia Beach
39%
89 225.221 Nevada Reno
38%
49 382.368 Kansas Wichita
38%
54 336.265 Kalifornien Anaheim
37%
97 212.237 Alabama Birmingham
36%
85 229.493 Louisiana Baton Rouge
35%
38 439.041 Arizona Mesa
35%
50 365.438 Texas Arlington
34%
72 258.379 Nebraska Lincoln
33%
68 277.140 New Jersey Newark
31%
60 305.215 Texas Corpus Christi
30%
51 347.483 Kalifornien Bakersfield
29%
75 247.597 New Jersey Jersey City
29%
82 233.209 Wisconsin Madison
28%
76 244.769 Florida Saint Petersburg
27%
66 287.208 Ohio Toledo
27%
100 208.916 Washington Spokane
26%
34 494.665 Kalifornien Frenso
25%
63 295.803 Kentucky Lexington
25%
93 216.961 Nevada North Las Vegas
24%
98 210.565 New York Rochester
24%
99 209.924 Kalifornien San Bernardino
24%
57 324.528 Kalifornien Santa Ana
24%
69 269.666 North Carolina Greensboro
23%
61 303.871 Kalifornien Riverside
22%
56 325.078 Colorado Aurora
21%
74 253.691 Indiana Fort Wayne
21%
88 226.721 Arizona Glendale
21%
96 212.375 Kalifornien Irvine
21%
78 242.803 Virginia Norfolk
21%
65 291.707 Kalifornien Stockton
20%
73 257.729 Nevada Henderson
19%
94 216.290 Texas Irving
19%
86 228.330 North Carolina Durham
18%
84 229.573 Texas Lubbock
18%
92 217.385 Arizona Scottsdale
18%
77 243.916 Kalifornien Chula Vista
16%
95 214.089 Kalifornien Fremont
16%
71 259.841 Texas Plano
16%
83 229.617 North Carolina Winston-Salem
16%
80 236.123 Arizona Chandler
15%
91 222.209 Virginia Chesapeake
15%
87 226.876 Texas Garland
15%
90 224.669 Florida Hialeah
15%
81 236.091 Texas Laredo
15%
Keine übereinstimmenden Quizze gefunden
Verteilung der Resultate
Anzahl Personen mit jedem Resultat
Perzentil nach korrekt beantworteten Fragen
Ihre Resultats-Entwicklung
Sie haben dieses Quiz seit der letzten Aktualisierung nicht gespielt